LIBRARY & INFORMATION CENTRE, KCAET, TAVANUR

ONLINE PUBLIC ACCESS CATALOGUE (OPAC)

Development and evaluation of a seed extractor for ash gourd and cucumber (Record no. 15006)

MARC details
000 -LEADER
fixed length control field 00698nam a22001817a 4500
003 - CONTROL NUMBER IDENTIFIER
control field OSt
088 ## - REPORT NUMBER
Report number T 250
100 ## - MAIN ENTRY--AUTHOR NAME
Personal name ANEESH MOHAN
245 ## - TITLE STATEMENT
Title Development and evaluation of a seed extractor for ash gourd and cucumber
260 ## - PUBLICATION, DISTRIBUTION, ETC. (IMPRINT)
Place of publication Tavanur 2012
Name of publisher DEPARTMENT OF POST HARVEST TECHNOLOGY AND AGRICULTURAL PROCESSING
300 ## - PHYSICAL DESCRIPTION
Number of Pages 85
500 ## - GENERAL NOTE
General note Development and evaluation of a seed extractor for ash gourd and cucumber
520 ## - SUMMARY, ETC.
Summary, etc Development and evaluation of a seed extractor for ash gourd and cucumber
700 ## - ADDED ENTRY--PERSONAL NAME
Personal name Dr. Santhi Mary Mathew (Guide)
856 ## - ELECTRONIC LOCATION AND ACCESS
Uniform Resource Identifier https://drive.google.com/open?id=1uQWICeoNZBhCI0aqq3sGZXeiwYkcD_iV
942 ## - ADDED ENTRY ELEMENTS (KOHA)
Koha item type Theses
Holdings
Collection code Home library Current library Shelving location Full call number Accession Number Koha item type Public note
Reference KAUAET KAUAET Reference 631.56 ANE/DE T 250 Theses M.Tech Thesis
free website counter